000 00432nam a22001697a 4500
005 20180720105540.0
008 160526b xxu||||| |||| 00| 0 eng d
020 _a0-07-049455-X
041 _aeng
082 _b5195
_a658.162
100 _aWeston, J. Fred and Others
_91297
245 _aMergers and Acquisitions
260 _aNew Delhi
_bAcademic Faundation
_c2002
300 _a255p,
650 _aManagement
_9241
942 _cBK
999 _c1823
_d1822